书目信息 |
| 题名: |
会计基础习题集
|
|
| 作者: | 吴水澎 , 葛家澍 著 | |
| 分册: | ||
| 出版信息: | 上海 上海人民出版社 1983 |
|
| 页数: | 152页 | |
| 开本: | 19cm | |
| 丛书名: | ||
| 单 册: | ||
| 中图分类: | F23-44 | |
| 科图分类: | ||
| 主题词: | 会计--习题 | |
| 电子资源: | ||
| ISBN: | ||
| 000 | 00633nam0 2200241 45 | |
| 001 | 0183003307 | |
| 005 | 20061104153154.95 | |
| 010 | @dCNY0.36 | |
| 091 | @aCN@b4074.499 | |
| 100 | @a19950701d1983 em y0chiy0121 ea | |
| 101 | 0 | @achi |
| 102 | @aCN@b310000 | |
| 105 | @ay z 000yy | |
| 200 | 10 | @a会计基础习题集@Akuai ji ji chu xi ti ji@f葛家澍,吴水澎著 |
| 210 | @a上海@c上海人民出版社@d1983 | |
| 215 | @a152页@d19cm | |
| 606 | @a会计@x习题 | |
| 690 | @aF23-44@v3 | |
| 701 | 0 | @a吴水澎@Awu shui peng@4著 |
| 701 | 0 | @a葛家澍@Age jia shu@4著 |
| 801 | 2 | @aCN@bNLC@c20061104 |
| 801 | 0 | @aCN@bTSSF |
| 905 | @a10447@dF23-44@e44 | |
| 会计基础习题集/葛家澍,吴水澎著.-上海:上海人民出版社,1983 |
| 152页;19cm |
| ISBN :CNY0.36 |
| ● |
| 相关链接 |
|
|
|
|
正题名:会计基础习题集
索取号:F23-44/44
 
预约/预借
| 序号 | 登录号 | 条形码 | 馆藏地/架位号 | 状态 | 备注 |
| 1 | 0102464 | 000205487 | 第一样本阅览室/ [索取号:F23-44/44] | 在馆 |